00178nam a22000857a 4500082000800000100001600008245003400024260002600058300000800084 aSCH aSchwarz S E aElectromagnetic for engineers aLondonbHRW Pubc1990 a412